La investigación en la ciencia de la carne

Պահպանված է:
Մատենագիտական մանրամասներ
Հիմնական հեղինակ: Grau, Reinhold (Հեղինակ)
Ձևաչափ: Գիրք
Լեզու:իսպաներեն
Հրապարակվել է: Zaragoza Acribia 1971
Խորագրեր:
Ցուցիչներ: Ավելացրեք ցուցիչ
Չկան պիտակներ, Եղեք առաջինը, ով նշում է այս գրառումը!

MARC

LEADER 00000nam a2200000 a 4500
001 UCR4866
003 CL-VaPUC
008 980320e19710000SP |||||||||||||||||spa|d
082 0 4 |a 664.9  |b GRA  |2 21 
100 |a Grau, Reinhold  |e author  |9 405890 
245 1 3 |a La investigación en la ciencia de la carne 
300 |a 83 p 
942 |c BK 
945 |d 19980320 00:00:00  |a crobeson 
260 |a Zaragoza  |b Acribia  |c 1971 
650 7 |a TECNOLOGIA DE ALIMENTOS  |2 CL-VaPUC  |9 405390 
650 0 |a Carne  |9 259507 
583 |a last modification  |c 19980320 00:00:00  |k Rodrigo Vera 
999 |c 267662  |d 267660 
952 |0 0  |1 0  |4 0  |6 664_900000000000000_GRA_1971  |7 0  |8 A  |9 300135  |a BIBALI  |b BIBALI  |d 2019-11-20  |i 1967029  |o 664.9 GRA 1971  |p 1967029  |r 2025-01-20  |w 2019-11-20  |y BK  |k ALI